Russia Borders - Sudden Death - Statistics

General Stats
  • This quiz has been taken 112 times
  • The average score is 10 of 14
Answers on the Grid
Answers color-coded by a green-red scale on the quiz's grid according to % correct below.
Japan
Norway
Finland
Latvia
Turkey
Romania
Lithuania
Moldova
Poland
Belarus
Georgia
Kyrgyzstan
Afghanistan
Azerbaijan
Mongolia
Serbia
United States
China
Germany
Iran
Estonia
Bulgaria
North Korea
Sweden
Ukraine
Uzbekistan
Armenia
Kazakhstan
Czechia
Turkmenistan
 
Answer Stats
Answer % Correct
Finland
100%
Norway
100%
Belarus
80%
Georgia
80%
Azerbaijan
70%
China
70%
Estonia
70%
Kazakhstan
70%
Latvia
70%
Lithuania
70%
North Korea
70%
Mongolia
60%
Poland
60%
Ukraine
60%
No matching quizzes found
Score Distribution
Percent of People with Each Score
Percentile by Number Answered
Your Score History
You have not taken this quiz